000 00871nam a22002657a 4500
003 CHAP
005 20220329135241.0
008 971013s1968 r 10010 d
010 _a33300
011 _a34272
035 _a38388
040 _cCHAP
082 _a636.085
_bN8 1968
111 0 0 _aNutrition Conference for Feed Manufactures (
_n2
_d: 1968
_c: Nottingham)
_982297
245 _aProceedings of the University of Nottingham School of Agriculture...
260 _aLondon :
_bChurchill,
_c1968
300 _a191 p.
_b: ilus.
590 _aBATCH-UPD
_b10
_c20130110
_lUCH01
_h2019
590 _aBATCH-UPD
_b10
_c20130410
_lUCH01
_h1337
590 _aCONVERSION
_b10
_c20130109
_lUCH01
_h1319
650 1 4 _aAlimentos y alimentacion del ganado.
_94326
901 _aBK
942 _cLIBRO
949 _a636.085 N8 1968
_bBC
_cLIBRO
_d33724000252631
_eLIBRO
_h13837
_i38388
_si
999 _c33300
_d33300